Catálogo público

Biostatistics for Animal Science / (Record no. 220388)

MARC details
000 -CABECERA
campo de control de longitud fija 03213nam a2200349 a 4500
003 - IDENTIFICADOR DEL NÚMERO DE CONTROL
campo de control CHAP
005 - FECHA Y HORA DE LA ÚLTIMA TRANSACCIÓN
campo de control 20250127144633.0
007 - CAMPO FIJO DE DESCRIPCIÓN FÍSICA--INFORMACIÓN GENERAL
campo de control de longitud fija ta
008 - DATOS DE LONGITUD FIJA--INFORMACIÓN GENERAL
campo de control de longitud fija 250127s2017 -ukpd|kfr|||| 001 0 eng d
020 ## - NÚMERO INTERNACIONAL ESTÁNDAR DEL LIBRO
Número Internacional Estándar del Libro 978-1-78639-035-6
040 ## - FUENTE DE LA CATALOGACIÓN
Centro catalogador/agencia de origen Z
Centro/agencia transcriptor CHAP
Normas de descripción rda
041 0# - CÓDIGO DE LENGUA
Código de lengua del sumario o resumen Inglés
Código de lengua de la tabla de contenido Inglés
082 00 - NÚMERO DE LA CLASIFICACIÓN DECIMAL DEWEY
Número de clasificación 574.015195
Número de documento/Ítem K37 2017
Número de edición 20
100 1# - ENTRADA PRINCIPAL--NOMBRE DE PERSONA
Nombre de persona Kaps, Miroslav
9 (RLIN) 189940
Término indicativo de función/relación autor
245 10 - MENCIÓN DE TÍTULO
Título Biostatistics for Animal Science /
Mención de responsabilidad, etc. Miroslav Kaps y William R. Lamberson
250 ## - MENCIÓN DE EDICIÓN
Mención de edición tercera edición
264 #1 - PRODUCCIÓN, PUBLICACIÓN, DISTRIBUCIÓN, FABRICACIÓN Y COPYRIGHT
Producción, publicación, distribución, fabricación y copyright Wallingford, Oxfordshire, Reino Unido :
Nombre del de productor, editor, distribuidor, fabricante CABI,
Fecha de producción, publicación, distribución, fabricación o copyright 2017
300 ## - DESCRIPCIÓN FÍSICA
Extensión xiv, 547 páginas :
Otras características físicas gráficas, tablas, formularios
336 ## - TIPO DE CONTENIDO
Fuente rdacontent
Término de tipo de contenido texto
Código de tipo de contenido txt
337 ## - TIPO DE MEDIO
Fuente rdamedia
Nombre/término del tipo de medio sin medio
Código del tipo de medio n
338 ## - TIPO DE SOPORTE
Fuente rdacarrier
Nombre/término del tipo de soporte volumen
Código del tipo de soporte nc
500 ## - NOTA GENERAL
Nota general ej.1: consumo
504 ## - NOTA DE BIBLIOGRAFÍA, ETC.
Nota de bibliografía, etc. Bibliografía: páginas 537 - 539
505 0# - NOTA DE CONTENIDO CON FORMATO
Nota de contenido con formato Prefasce -- Chapter 1. Presenting and summarizing data -- Chapter 2. Probability -- Chapter 3. Random variables and their distributions -- Chapter 4. Population and sample -- Chapter 5. Estimation of parameters -- Chapter 6. Hypothesis testing -- Chapter 7. Simple linear regression -- Chapter 8. Correlation -- Chapter 9. Multiple linear regression -- Chapter 10. Curvilinear regression -- Chapter 11. Fixed effects one-way analysis of variance -- Chapter 12. Random effects one-way analysis of variance -- Chapter 13. Mixed models -- Chapter 14. Concepts of experimental design -- Chapter 15. Blocking -- Chapter 16. Change-over designs -- Chapter 17. Factorial experiments -- Chapter 18. Hierarchical or nested design -- Chapter 19. Split-plot design -- Chapter 20. Analysis of covariance -- Chapter 21. Repeated measures -- Chapter 22. Analysis of numerical treatment levels -- Chapter 23. Discrete, categorical and other non-normal dependent variables -- Solution of exercises -- Apendix A -- Apendix B -- Bibliography -- Subjet index.
520 ## - SUMARIO, ETC.
Sumario, etc. Designed to cover techniques for analysis of data in the animal sciences, this popular textbook provides an overview of the basic principles of statistics enabling the subsequent applications to be carried out with familiarity and understanding. Each chapter begins by introducing a problem with practical questions, followed by a brief theoretical background. Most topics are followed up with numerical examples to illustrate the methods described using data-sets from animal sciences and related fields. The same examples are then solved using the SAS software package. <br/>Key features of this third edition:<br/>- Updated throughout, and covers a wealth of new distributions and new material on non-normal dependent variables<br/>- Improved clarity of text and examples<br/>- Includes both basic techniques and more complex procedures to provide an essential resource whatever your level<br/>- Contains exercises and many worked examples in SAS.<br/>Written primarily for students and researchers in animal sciences, the text is also useful for those studying agricultural, biological, and veterinary sciences.
534 ## - NOTA SOBRE LA VERSIÓN ORIGINAL
Frase introductoria Título original:
650 17 - PUNTO DE ACCESO ADICIONAL DE MATERIA--TÉRMINO DE MATERIA
Término de materia o nombre geográfico como elemento de entrada Biometría
9 (RLIN) 12831
650 13 - PUNTO DE ACCESO ADICIONAL DE MATERIA--TÉRMINO DE MATERIA
Término de materia o nombre geográfico como elemento de entrada Análisis de varianza
9 (RLIN) 5977
650 17 - PUNTO DE ACCESO ADICIONAL DE MATERIA--TÉRMINO DE MATERIA
Término de materia o nombre geográfico como elemento de entrada Probabilidades
9 (RLIN) 91687
700 1# - PUNTO DE ACCESO ADICIONAL--NOMBRE DE PERSONA
Nombre de persona Lamberson, William R.
9 (RLIN) 189941
Término indicativo de función/relación autor
942 ## - ELEMENTOS DE PUNTO DE ACCESO ADICIONAL (KOHA)
Fuente del sistema de clasificación o colocación Dewey Decimal Classification
Tipo de ítem Koha Libro
Holdings
Estado de retiro Estado de pérdida Fuente del sistema de clasificación o colocación Estado dañado Restricciones de uso No para préstamo Código de colección Localización permanente Ubicación/localización actual Fecha de adquisición Fuente de adquisición Número de inventario Total de préstamos Signatura topográfica completa Código de barras Fecha visto por última vez Número de copia Precio válido a partir de Tipo de ítem Koha
    Dewey Decimal Classification   Préstamo interno   General Zootecnia Zootecnia 08/11/2022 Compra Libreria UACh No. 40360 Consumo   574.015195 K37 2017 5102007522 27/01/2025 Ej.1 27/01/2025 Libro